Veni vidi or notes of a wanderes

Guardat en:
Dades bibliogràfiques
Autor principal: Robinson, A. (Autor)
Format: Llibre
Idioma:anglès
Publicat: Valparaíso Imprenta de El Mercurio, de Santos Tornero 1843
Edició:1a. ed
Matèries:
Etiquetes: Afegir etiqueta
Sense etiquetes, Sigues el primer a etiquetar aquest registre!

MARC

LEADER 00000nam a2200000 a 4500
001 UCJ5377
003 CL-VaPUC
008 070124e18430000CL |||||||||||||||||eng|d
082 0 4 |a 910.4  |b ROB  |2 21 
100 0 |a Robinson, A.  |e author  |9 510501 
245 1 0 |a Veni vidi or notes of a wanderes 
250 |a 1a. ed 
300 |a 238 p 
942 |c BK 
945 |d 20070124 00:00:00  |a rinostro 
260 |a Valparaíso  |b Imprenta de El Mercurio, de Santos Tornero  |c 1843 
500 |a La lista de suscriptores que trae el libro ilustra acerca de la masiva presencia de ingleses en Valparaíso hacia 1843 
650 0 |a Viajes  |9 257115 
650 7 |a DIARIO  |2 CL-VaPUC  |9 441581 
650 0 |a Geografía  |9 259346 
650 0 |a Cultura  |9 269059 
650 7 |a INSTITUCIONES  |2 CL-VaPUC  |9 329701 
650 7 |a INGLESES  |2 CL-VaPUC  |9 510502 
651 0 |a India  |9 267804 
651 0 |a Filipinas  |9 258491 
651 7 |a MALASIA  |2 CL-VaPUC  |9 357944 
651 0 |a Valparaíso, Chile  |9 261144 
583 |a last modification  |c 20070124 00:00:00  |k Rodrigo Vera 
999 |c 321486  |d 321484 
952 |0 0  |1 0  |4 0  |6 910_400000000000000_ROB_1843  |7 0  |8 X  |9 400246  |a FDOBUD  |b FDOBUD  |d 2019-11-22  |i 1033883  |o 910.4 ROB 1843  |p 1033883  |r 2019-11-22  |w 2019-11-22  |y BK_X  |k BUD